000 00644nam a2200253Ia 4500
003 OSt
005 20221007110658.0
006 a|||||r|||| 00| 0
007 ta
008 221006b |||||||| |||| 00| 0 eng d
024 _a21,611
037 _cTextual
040 _aLCO
_cLCO
_beng
041 _2eng
_aeng
082 _aX8(A):93qN48, L5
100 _aMalik M.L.
_9707758
245 0 _aLaw of Minimum Wages
250 _a1st
260 _aChandigarh
_bNav Jeevan Agency India
_c1975
300 _a223
650 _aWAGE
_9707719
942 _hX8(A):93qN48, L5
_cTEXL
999 _c1191174
_d1191174